000 00588cam a2200217 a 4500
001 4679405
005 20180206092457.0
008 810901s1982 enka b 001 0 eng
010 _a 81014822
020 _a0471100757 :
_c$30.00 (est.)
040 _aDLC
_cDLC
_dDLC
041 _aeng
080 _a658.406 ASP
082 0 0 _a658.406 ASP
_219
100 1 _a52
101 _aEKO
245 1 3 _aAn integrated development strategy /
_cGisèle Asplund and Göran Asplund.
504 _aBibliography: p. 127.
906 _a7
_bcbc
_corignew
_d1
_eocip
_f19
_gy-gencatlg
942 _2ddc
_cBK
999 _c41953
_d41953